000 01077nam a2200241 a 4500
001 000027710
003 OSt
005 20210128090542.0
008 110404s1920 dr r 000 0 spa d
040 _aDO-SdBNP
_bspa
_cBNPHU
082 _a972.93
_bR426d
110 1 _aRepública Dominicana.
_bSecretaría de Estado de Relaciones Exteriores
_92256
245 1 0 _aDocumentos históricos procedentes del Archivo de Indias.
260 _aSanto Domingo :
_bSecretaría de Estado de Relaciones Exteriores ,
_c1920.
300 _av. ;
_c32 cm.
500 _aA la cabeza del titulo: Secretaria de Estado de Relaciones Exteriores
505 0 _gv.4.
_tAudiencia de Santo Domingo: 1924 : 78-6-10
_gv.5.
_tAudiencia de Santo Domingo: 1924 : 78-6-10 / 78-6-13
_tAudiencia de Santo Domingo: 1928 : 78-5-17
_tAudiencia de Santo Domingo: 1929 : 78-5-21
590 _aInventariado, 2018/VM
651 _aRepública Dominicana
_xHistoria
_vFuentes
_912109
651 4 _aRepública Dominicana
_xHitoria
_y1503-1795
_vFuentes
_954782
910 _aValidado. Control de calidad MFF
942 _2ddc
_cLBS1
999 _c27202
_d27202